El desenvolvimiento del niño
Збережено в:
| Автор: | |
|---|---|
| Формат: | Книга |
| Мова: | Іспанська |
| Опубліковано: |
Barcelona
Labor
1900
|
| Серія: | Colección Labor. Biblioteca de Iniciación Cultural, 179
|
| Предмети: | |
| Теги: |
Додати тег
Немає тегів, Будьте першим, хто поставить тег для цього запису!
|
MARC
| LEADER | 00000nam a2200000 a 4500 | ||
|---|---|---|---|
| 001 | UCZ4450 | ||
| 003 | CL-VaPUC | ||
| 008 | 951109e19000000SP |||||||||||||||||spa|d | ||
| 082 | 0 | 4 | |a 155.4 |b BAR |2 21 |
| 100 | 0 | |a Barnés, Domingo |e author |9 348488 | |
| 245 | 1 | 3 | |a El desenvolvimiento del niño |
| 300 | |a 212 p | ||
| 942 | |c BK | ||
| 945 | |d 19951109 00:00:00 |a rleighto | ||
| 260 | |a Barcelona |b Labor |c 1900 | ||
| 650 | 0 | |a Psicología del niño |9 307305 | |
| 650 | 0 | |a Desarrollo del niño |9 336460 | |
| 650 | 0 | |a Desarrollo mental |9 313003 | |
| 650 | 0 | |a Desarrollo motor |9 313002 | |
| 650 | 7 | |a DESARROLLO MORAL |2 CL-VaPUC |9 310605 | |
| 650 | 0 | |a Niños |9 255605 | |
| 583 | |a last modification |c 19951109 00:00:00 |k Rodrigo Vera | ||
| 490 | 0 | |a Colección Labor. Biblioteca de Iniciación Cultural, 179 | |
| 999 | |c 240829 |d 240827 | ||
| 952 | |0 0 |1 0 |4 0 |6 155_400000000000000_BAR_1900 |7 0 |8 P |9 252873 |a BIBEDU |b BIBEDU |c BIBEDU_PB |d 2019-11-19 |i 3147347 |o 155.4 BAR 1900 |p 3147347 |r 2024-01-25 |w 2019-11-19 |y BK |k EDU | ||